Golden State Warriors NBA Champions - Statistics

General Stats
  • This quiz has been taken 343 times
    299 since last reset
  • The average score is 16 of 47
Answer Stats
Titles Player % Correct
4 Stephen Curry
100%
4 Klay Thompson
98%
4 Draymond Green
97%
4 Andre Iguodala
86%
2 Kevin Durant
85%
2 Kevon Looney
77%
1 Jordan Poole
71%
1 Andrew Wiggins
67%
1 Rick Barry
56%
1 Andrew Bogut
54%
2 Zaza Pachulia
54%
1 Harrison Barnes
50%
1 Matt Barnes
50%
3 Shaun Livingston
48%
2 JaVale McGee
44%
1 David Lee
43%
1 Damion Lee
42%
1 Gary Payton II
38%
1 Jonathan Kuminga
35%
1 Otto Porter Jr.
27%
2 David West
25%
2 Patrick McCaw
25%
1 Charles Johnson
23%
1 George Johnson
23%
2 Damian Jones
22%
1 Moses Moody
22%
1 Phil Smith
20%
1 Juan Toscano-Anderson
18%
1 Nick Young
17%
1 Quinn Cook
17%
1 Festus Ezeli
15%
1 Leandro Barbosa
15%
1 Jordan Bell
14%
1 Marreese Speights
14%
1 Nemanja Bjelica
11%
1 Jamaal Wilkes
9%
2 James Michael McAdoo
9%
1 Ian Clark
8%
1 Clifford Ray
6%
1 Jeff Mullins
6%
1 Brandon Rush
4%
1 Justin Holiday
4%
1 Butch Beard
3%
1 Bill Bridges
2%
1 Charles Dudley
2%
1 Derrek Dickey
2%
1 Steve Bracey
2%
No matching quizzes found
Score Distribution
Percent of People with Each Score
Percentile by Number Answered
Your Score History
You have not taken this quiz since the last reset